Obchodní jednání a národní zvyklosti: Filipíny

Obchodné rokovania s filipínskymi partnermi a národné zvyklosti. Pracovné návyky. Vzťahy medzi ľuďmi. Význam času. Komunikácia. Obliekanie a stolovanie. Viera. Širší rámec kultúrnych osobitostí.

Salvato in:
Dettagli Bibliografici
Autore principale: Skoumal, Antonín
Natura: Capitolo di libro
Lingua:ceco
Soggetti:
Tags: Aggiungi Tag
Nessun Tag, puoi essere il primo ad aggiungerne!!

MARC

LEADER 00000naa$a2200000$$$4500
001 0007445
005 20230908091039.2
041 0 |a cze 
044 |a CZ 
245 1 0 |a Obchodní jednání a národní zvyklosti: Filipíny  |c aut. Antonín Skoumal 
520 |a Obchodné rokovania s filipínskymi partnermi a národné zvyklosti. Pracovné návyky. Vzťahy medzi ľuďmi. Význam času. Komunikácia. Obliekanie a stolovanie. Viera. Širší rámec kultúrnych osobitostí. 
610 2 0 |a rokovania obchodné 
610 2 0 |a partneri obchodní 
610 2 0 |a Filipíny 
610 2 0 |a zvyklosti obchodné 
610 2 0 |a zvyklosti kultúrne 
610 2 0 |a komunikácia 
610 2 0 |a stolovanie 
100 1 |a Skoumal, Antonín